00448nam a2200145Ia 4500008004100000100001800041245007700059245001800136260003900154260000900193300000800202650001800210650001500228856005900243170221s9999 xx 000 0 und d aGuo Jing-ying aDilemma of Empowerment: Responsibility Attribution in Prison Counseling  cGuo Jing-ying bStudies in Media and Communication c2012 a2 : xCommunication xMedia Arts uhttp://redfame.com/journal/index.php/smc/issue/view/14